Cría de caracoles /
Guardado en:
| Autor Principal: | |
|---|---|
| Formato: | Libro |
| Publicado: |
Buenos Aires :
Hemisferio Sur,
2002
|
| Materias: | |
| Etiquetas: |
Agregar Etiqueta
Sin Etiquetas, Sea el primero en etiquetar este registro!
|
| LEADER | 00641nam a22002055a 4500 | ||
|---|---|---|---|
| 001 | CEM.cems017183 | ||
| 005 | 20131011164933.0 | ||
| 008 | 130507s2002##################000#0#####d | ||
| 003 | CEMS | ||
| 020 | |a 9505045689 | ||
| 082 | 0 | 4 | |a 639.483 |
| 100 | 1 | |a Coto, Adolfo | |
| 245 | 1 | 0 | |a Cría de caracoles / |c Adolfo Coto |
| 260 | |a Buenos Aires : |b Hemisferio Sur, |c 2002 | ||
| 300 | |a 84 p. | ||
| 505 | 0 | |a Clasificación sistemática -- Patología -- Helicicultura | |
| 653 | |a Helicultura | ||
| 653 | |a Caracoles | ||
| 859 | |a CEMS |b BIB. CEMS - Agricultura |h 639.483 |i C826 |p A0915.09 |t Ej.1 | ||
| 859 | |a CEMS |b BIB. CEMS - Agricultura |h 639.483 |i C826 |p A1326.11 |t Ej.2 | ||
